[Event "FIDE World Cup 2025"]
[Site "Goa, India"]
[Date "2025.11.02"]
[Round "2.9"]
[White "Kollars, Dmitrij"]
[Black "Salih, Akar Ali Salih"]
[Result "1-0"]
[TimeControl ": 90 minutes for the first 40 moves, followed by 30 minutes for the rest of the gamewith an increment of 30 seconds per move starting from move 1"]
[WhiteFideId "12909572"]
[BlackFideId "4800575"]
[WhiteElo "2642"]
[BlackElo "2212"]

1. e4 {[%clk 01:30:52]} {[%emt 00:00:07]} c5 {[%clk 01:30:48]} {[%emt
00:00:12]} 2. Nf3 {[%clk 01:31:14]} {[%emt 00:00:08]} Nc6 {[%clk 01:31:09]}
{[%emt 00:00:10]} 3. Bb5 {[%clk 01:31:30]} {[%emt 00:00:14]} d6 {[%clk
01:31:07]} {[%emt 00:00:32]} 4. O-O {[%clk 01:31:36]} {[%emt 00:00:22]} Bd7
{[%clk 01:31:19]} {[%emt 00:00:18]} 5. c3 {[%clk 01:31:24]} {[%emt 00:00:43]}
a6 {[%clk 01:31:14]} {[%emt 00:00:37]} 6. Ba4 {[%clk 01:31:43]} {[%emt
00:00:09]} Nf6 {[%clk 01:30:35]} {[%emt 00:01:09]} 7. Re1 {[%clk 01:31:48]}
{[%emt 00:00:25]} b5 {[%clk 01:24:41]} {[%emt 00:06:24]} 8. Bc2 {[%clk
01:32:10]} {[%emt 00:00:08]} Bg4 {[%clk 01:24:17]} {[%emt 00:00:53]} 9. h3
{[%clk 01:31:23]} {[%emt 00:01:18]} Bxf3 {[%clk 01:24:39]} {[%emt 00:00:08]} 10.
Qxf3 {[%clk 01:31:41]} {[%emt 00:00:11]} e5 {[%clk 01:24:33]} {[%emt 00:00:36]}
11. a4 {[%clk 01:26:54]} {[%emt 00:05:17]} Rb8 {[%clk 01:19:58]} {[%emt
00:05:05]} 12. axb5 {[%clk 01:25:22]} {[%emt 00:02:03]} axb5 {[%clk 01:20:19]}
{[%emt 00:00:08]} 13. d3 {[%clk 01:25:12]} {[%emt 00:00:40]} Be7 {[%clk
01:17:27]} {[%emt 00:03:22]} 14. Nd2 {[%clk 01:23:04]} {[%emt 00:02:38]} O-O
{[%clk 01:16:36]} {[%emt 00:01:21]} 15. Nf1 {[%clk 01:23:16]} {[%emt 00:00:17]}
Ne8 {[%clk 01:08:28]} {[%emt 00:08:38]} 16. Ne3 {[%clk 01:21:14]} {[%emt
00:02:32]} Bg5 {[%clk 01:07:24]} {[%emt 00:01:36]} 17. g3 {[%clk 01:17:06]}
{[%emt 00:04:37]} Nc7 {[%clk 01:00:05]} {[%emt 00:07:48]} 18. Qg4 {[%clk
01:08:41]} {[%emt 00:08:56]} Bxe3 {[%clk 00:51:00]} {[%emt 00:09:35]} 19. Bxe3
{[%clk 01:09:00]} {[%emt 00:00:10]} Qc8 {[%clk 00:51:00]} {[%emt 00:00:31]} 20.
f4 {[%clk 01:02:09]} {[%emt 00:07:22]} Qxg4 {[%clk 00:42:26]} {[%emt 00:09:04]}
21. hxg4 {[%clk 01:02:34]} {[%emt 00:00:04]} Ra8 {[%clk 00:40:29]} {[%emt
00:02:28]} 22. g5 {[%clk 00:55:08]} {[%emt 00:07:57]} Rxa1 {[%clk 00:39:14]}
{[%emt 00:01:45]} 23. Rxa1 {[%clk 00:55:34]} {[%emt 00:00:05]} Ra8 {[%clk
00:39:24]} {[%emt 00:00:19]} 24. Rxa8+ {[%clk 00:54:19]} {[%emt 00:01:45]} Nxa8
{[%clk 00:39:47]} {[%emt 00:00:07]} 25. Kf2 {[%clk 00:48:41]} {[%emt 00:06:08]}
Nc7 {[%clk 00:30:31]} {[%emt 00:09:47]} 26. Bb3 {[%clk 00:39:03]} {[%emt
00:10:08]} Kf8 {[%clk 00:26:36]} {[%emt 00:04:24]} 27. Kf3 {[%clk 00:34:20]}
{[%emt 00:05:14]} Ke7 {[%clk 00:25:54]} {[%emt 00:01:12]} 28. Ba2 {[%clk
00:31:08]} {[%emt 00:03:42]} f6 {[%clk 00:15:38]} {[%emt 00:10:45]} 29. Kg4
{[%clk 00:26:42]} {[%emt 00:04:56]} fxg5 {[%clk 00:15:27]} {[%emt 00:00:41]} 30.
Kxg5 {[%clk 00:26:46]} {[%emt 00:00:26]} Ne6+ {[%clk 00:12:56]} {[%emt
00:03:02]} 31. Kg4 {[%clk 00:24:33]} {[%emt 00:02:41]} exf4 {[%clk 00:12:16]}
{[%emt 00:01:11]} 32. gxf4 {[%clk 00:24:54]} {[%emt 00:00:08]} g5 {[%clk
00:10:56]} {[%emt 00:01:51]} 33. fxg5 {[%clk 00:18:46]} {[%emt 00:06:38]} Ne5+
{[%clk 00:10:50]} {[%emt 00:00:36]} 34. Kh5 {[%clk 00:17:56]} {[%emt 00:01:20]}
Nxd3 {[%clk 00:08:38]} {[%emt 00:02:43]} 35. Bxe6 {[%clk 00:12:49]} {[%emt
00:05:37]} Kxe6 {[%clk 00:08:57]} {[%emt 00:00:10]} 36. Kh6 {[%clk 00:13:15]}
{[%emt 00:00:04]} Ke5 {[%clk 00:07:34]} {[%emt 00:01:53]} 37. Kxh7 {[%clk
00:11:55]} {[%emt 00:01:51]} Kxe4 {[%clk 00:07:52]} {[%emt 00:00:13]} 38. g6
{[%clk 00:11:46]} {[%emt 00:00:38]} Kxe3 {[%clk 00:06:58]} {[%emt 00:01:24]} 39.
g7 {[%clk 00:12:09]} {[%emt 00:00:07]} Nxb2 {[%clk 00:07:18]} {[%emt 00:00:10]}
40. g8=Q {[%clk 00:12:33]} {[%emt 00:00:05]} Kd2 {[%clk 00:06:58]} {[%emt
00:00:51]} 41. Qb3 {[%clk 00:06:24]} {[%emt 00:06:39]} Nd1 {[%clk 00:04:18]}
{[%emt 00:03:10]} 42. Qxb5 {[%clk 00:27:14]} {[%emt 00:09:41]} Kxc3 {[%clk
00:25:55]} {[%emt 00:08:53]} 43. Kg6 {[%clk 00:26:27]} {[%emt 00:01:17]} c4
{[%clk 00:22:49]} {[%emt 00:03:36]} 44. Kf5 {[%clk 00:23:00]} {[%emt 00:03:56]}
d5 {[%clk 00:21:35]} {[%emt 00:01:45]} 45. Ke5 {[%clk 00:14:37]} {[%emt
00:08:52]} Kc2 {[%clk 00:13:38]} {[%emt 00:08:27]} 46. Kd4 {[%clk 00:11:26]}
{[%emt 00:03:42]} Kc1 {[%clk 00:10:36]} {[%emt 00:03:31]} 47. Qxd5 {[%clk
00:08:49]} {[%emt 00:03:07]} c3 {[%clk 00:10:56]} {[%emt 00:00:11]} 48. Qa2
{[%clk 00:07:47]} {[%emt 00:01:32]} c2 {[%clk 00:11:11]} {[%emt 00:00:16]} 49.
Kd3 {[%clk 00:08:03]} {[%emt 00:00:13]} 1-0

[Event "FIDE World Cup 2025"]
[Site "Goa, India"]
[Date "2025.11.02"]
[Round "2.10"]
[White "Boulrens, Ala Eddine"]
[Black "Pranav, V"]
[Result "0-1"]
[TimeControl ": 90 minutes for the first 40 moves, followed by 30 minutes for the rest of the gamewith an increment of 30 seconds per move starting from move 1"]
[WhiteFideId "7907559"]
[BlackFideId "25060783"]
[WhiteElo "2214"]
[BlackElo "2641"]

1. e4 {[%clk 01:30:53]} {[%emt 00:00:06]} e5 {[%clk 01:30:54]} {[%emt
00:00:08]} 2. Nf3 {[%clk 01:31:13]} {[%emt 00:00:10]} Nc6 {[%clk 01:31:18]}
{[%emt 00:00:06]} 3. Bc4 {[%clk 01:31:19]} {[%emt 00:00:23]} Nf6 {[%clk
01:31:39]} {[%emt 00:00:08]} 4. d3 {[%clk 01:31:45]} {[%emt 00:00:06]} Be7
{[%clk 01:31:57]} {[%emt 00:00:13]} 5. O-O {[%clk 01:30:35]} {[%emt 00:01:40]}
O-O {[%clk 01:32:19]} {[%emt 00:00:08]} 6. Nc3 {[%clk 01:30:33]} {[%emt
00:00:32]} d6 {[%clk 01:32:38]} {[%emt 00:00:10]} 7. a4 {[%clk 01:30:17]}
{[%emt 00:00:46]} h6 {[%clk 01:32:07]} {[%emt 00:01:02]} 8. h3 {[%clk
01:27:13]} {[%emt 00:03:34]} Nb4 {[%clk 01:30:27]} {[%emt 00:02:09]} 9. Ne2
{[%clk 01:22:04]} {[%emt 00:05:38]} c5 {[%clk 01:27:45]} {[%emt 00:03:12]} 10.
Ng3 {[%clk 01:19:26]} {[%emt 00:03:08]} Nc6 {[%clk 01:25:21]} {[%emt 00:02:54]}
11. Re1 {[%clk 01:16:28]} {[%emt 00:03:28]} Be6 {[%clk 01:22:55]} {[%emt
00:02:57]} 12. Bxe6 {[%clk 01:14:50]} {[%emt 00:02:09]} fxe6 {[%clk 01:23:18]}
{[%emt 00:00:06]} 13. c3 {[%clk 01:15:14]} {[%emt 00:00:06]} Qc7 {[%clk
01:20:18]} {[%emt 00:03:29]} 14. d4 {[%clk 01:10:24]} {[%emt 00:05:21]} cxd4
{[%clk 00:56:20]} {[%emt 00:24:27]} 15. cxd4 {[%clk 01:10:14]} {[%emt
00:00:41]} exd4 {[%clk 00:53:50]} {[%emt 00:03:00]} 16. Nxd4 {[%clk 01:10:18]}
{[%emt 00:00:26]} Nxd4 {[%clk 00:51:16]} {[%emt 00:03:04]} 17. Qxd4 {[%clk
01:10:02]} {[%emt 00:00:46]} d5 {[%clk 00:51:36]} {[%emt 00:00:10]} 18. Be3
{[%clk 00:53:27]} {[%emt 00:17:05]} dxe4 {[%clk 00:36:52]} {[%emt 00:15:14]} 19.
Nxe4 {[%clk 00:47:08]} {[%emt 00:06:49]} Nd5 {[%clk 00:35:45]} {[%emt
00:01:37]} 20. Rac1 {[%clk 00:45:13]} {[%emt 00:02:25]} Qd7 {[%clk 00:33:35]}
{[%emt 00:02:40]} 21. Qd1 {[%clk 00:33:30]} {[%emt 00:12:14]} Rad8 {[%clk
00:28:20]} {[%emt 00:05:45]} 22. Qg4 {[%clk 00:30:02]} {[%emt 00:03:58]} Kh7
{[%clk 00:27:23]} {[%emt 00:01:26]} 23. Bd4 {[%clk 00:25:51]} {[%emt 00:04:42]}
Bb4 {[%clk 00:26:20]} {[%emt 00:01:33]} 24. Bc3 {[%clk 00:23:29]} {[%emt
00:02:52]} Bxc3 {[%clk 00:24:43]} {[%emt 00:02:07]} 25. Nxc3 {[%clk 00:21:50]}
{[%emt 00:02:08]} Qf7 {[%clk 00:19:48]} {[%emt 00:05:26]} 26. Qxe6 {[%clk
00:11:59]} {[%emt 00:10:21]} Qxf2+ {[%clk 00:18:28]} {[%emt 00:01:50]} 27. Kh1
{[%clk 00:12:23]} {[%emt 00:00:06]} Rde8 {[%clk 00:10:45]} {[%emt 00:08:13]} 28.
Qxe8 {[%clk 00:09:38]} {[%emt 00:03:15]} Rxe8 {[%clk 00:11:08]} {[%emt
00:00:07]} 29. Rxe8 {[%clk 00:10:06]} {[%emt 00:00:02]} Qxb2 {[%clk 00:11:26]}
{[%emt 00:00:12]} 30. Ne2 {[%clk 00:10:17]} {[%emt 00:00:19]} Qd2 {[%clk
00:10:04]} {[%emt 00:01:52]} 31. Rd8 {[%clk 00:09:19]} {[%emt 00:01:28]} Qg5
{[%clk 00:10:27]} {[%emt 00:00:08]} 32. Rd7 {[%clk 00:08:10]} {[%emt 00:01:39]}
Ne3 {[%clk 00:10:23]} {[%emt 00:00:37]} 33. Rg1 {[%clk 00:07:56]} {[%emt
00:00:40]} Qe5 {[%clk 00:10:07]} {[%emt 00:00:46]} 34. Nd4 {[%clk 00:07:09]}
{[%emt 00:01:17]} Qe4 {[%clk 00:10:14]} {[%emt 00:00:23]} 35. Nf3 {[%clk
00:06:42]} {[%emt 00:00:58]} Qc6 {[%clk 00:09:53]} {[%emt 00:00:50]} 36. Rf7
{[%clk 00:06:04]} {[%emt 00:01:07]} a5 {[%clk 00:09:03]} {[%emt 00:01:22]} 37.
Re1 {[%clk 00:04:30]} {[%emt 00:02:03]} Qg6 {[%clk 00:08:45]} {[%emt 00:00:48]}
38. Rxg7+ {[%clk 00:04:26]} {[%emt 00:00:35]} Qxg7 {[%clk 00:08:54]} {[%emt
00:00:20]} 39. Rxe3 {[%clk 00:04:53]} {[%emt 00:00:03]} Qa1+ {[%clk 00:09:20]}
{[%emt 00:00:04]} 40. Re1 {[%clk 00:05:08]} {[%emt 00:00:15]} Qxa4 {[%clk
00:09:44]} {[%emt 00:00:06]} 41. Re7+ {[%clk 00:05:35]} {[%emt 00:00:03]} Kg8
{[%clk 00:10:04]} {[%emt 00:00:10]} 42. Rxb7 {[%clk 00:05:52]} {[%emt
00:00:13]} Qa1+ {[%clk 00:09:55]} {[%emt 00:00:40]} 43. Kh2 {[%clk 00:04:25]}
{[%emt 00:01:58]} a4 {[%clk 00:09:43]} {[%emt 00:00:42]} 44. Rb4 {[%clk
00:02:20]} {[%emt 00:02:35]} a3 {[%clk 00:09:03]} {[%emt 00:01:10]} 45. Rg4+
{[%clk 00:02:16]} {[%emt 00:00:33]} Kh7 {[%clk 00:08:39]} {[%emt 00:00:54]} 46.
Rg3 {[%clk 00:02:06]} {[%emt 00:00:40]} a2 {[%clk 00:08:49]} {[%emt 00:00:20]}
47. Nd2 {[%clk 00:02:30]} {[%emt 00:00:05]} Qe5 {[%clk 00:04:51]} {[%emt
00:04:29]} 48. Nb3 {[%clk 00:02:22]} {[%emt 00:00:38]} Qf4 {[%clk 00:05:16]}
{[%emt 00:00:06]} 49. h4 {[%clk 00:01:57]} {[%emt 00:00:54]} Qxh4+ {[%clk
00:05:40]} {[%emt 00:00:05]} 50. Rh3 {[%clk 00:02:24]} {[%emt 00:00:03]} Qf4+
{[%clk 00:06:05]} {[%emt 00:00:06]} 51. Kh1 {[%clk 00:02:40]} {[%emt 00:00:12]}
Kg6 {[%clk 00:06:29]} {[%emt 00:00:08]} 52. Rf3 {[%clk 00:02:46]} {[%emt
00:00:24]} Qd6 {[%clk 00:06:48]} {[%emt 00:00:10]} 53. Kg1 {[%clk 00:30:01]}
{[%emt 00:03:16]} Kg5 {[%clk 00:37:14]} {[%emt 00:00:03]} 54. Kf1 {[%clk
00:27:37]} {[%emt 00:02:54]} Kg4 {[%clk 00:37:16]} {[%emt 00:00:28]} 55. Kg1
{[%clk 00:22:07]} {[%emt 00:06:00]} Qd1+ {[%clk 00:37:14]} {[%emt 00:00:33]} 56.
Kf2 {[%clk 00:22:33]} {[%emt 00:00:04]} h5 {[%clk 00:37:29]} {[%emt 00:00:15]}
57. Re3 {[%clk 00:20:41]} {[%emt 00:02:23]} Kf5 {[%clk 00:37:50]} {[%emt
00:00:09]} 58. Kg3 {[%clk 00:20:35]} {[%emt 00:00:35]} h4+ {[%clk 00:37:48]}
{[%emt 00:00:33]} 59. Kf2 {[%clk 00:20:56]} {[%emt 00:00:08]} Kf4 {[%clk
00:38:05]} {[%emt 00:00:14]} 60. Rh3 {[%clk 00:20:45]} {[%emt 00:00:41]} Ke5
{[%clk 00:38:25]} {[%emt 00:00:09]} 61. Re3+ {[%clk 00:20:34]} {[%emt
00:00:42]} Kd5 {[%clk 00:38:37]} {[%emt 00:00:19]} 62. Rc3 {[%clk 00:20:58]}
{[%emt 00:00:07]} a1=Q {[%clk 00:38:40]} {[%emt 00:00:26]} 0-1

[Event "FIDE World Cup 2025"]
[Site "Goa, India"]
[Date "2025.11.02"]
[Round "2.11"]
[White "Donchenko, Alexander"]
[Black "Kigigha, Bomo Lovet"]
[Result "1-0"]
[TimeControl ": 90 minutes for the first 40 moves, followed by 30 minutes for the rest of the gamewith an increment of 30 seconds per move starting from move 1"]
[WhiteFideId "24603295"]
[BlackFideId "8500037"]
[WhiteElo "2641"]
[BlackElo "2263"]

1. d4 {[%clk 01:30:56]} {[%emt 00:00:04]} d5 {[%clk 01:30:44]} {[%emt
00:00:16]} 2. c4 {[%clk 01:31:09]} {[%emt 00:00:18]} e6 {[%clk 01:31:07]}
{[%emt 00:00:08]} 3. Nc3 {[%clk 01:30:56]} {[%emt 00:00:42]} Nf6 {[%clk
01:31:28]} {[%emt 00:00:09]} 4. cxd5 {[%clk 01:30:56]} {[%emt 00:00:29]} exd5
{[%clk 01:31:34]} {[%emt 00:00:24]} 5. Bg5 {[%clk 01:31:06]} {[%emt 00:00:20]}
c6 {[%clk 01:32:00]} {[%emt 00:00:05]} 6. e3 {[%clk 01:31:06]} {[%emt
00:00:30]} Bf5 {[%clk 01:32:10]} {[%emt 00:00:20]} 7. Qf3 {[%clk 01:30:49]}
{[%emt 00:00:46]} Bg6 {[%clk 01:32:33]} {[%emt 00:00:08]} 8. Bxf6 {[%clk
01:31:12]} {[%emt 00:00:08]} Qxf6 {[%clk 01:32:58]} {[%emt 00:00:05]} 9. Qxf6
{[%clk 01:31:35]} {[%emt 00:00:07]} gxf6 {[%clk 01:33:24]} {[%emt 00:00:04]} 10.
h4 {[%clk 01:31:31]} {[%emt 00:00:34]} h5 {[%clk 01:33:49]} {[%emt 00:00:05]}
11. Kd2 {[%clk 01:29:12]} {[%emt 00:02:49]} Bd6 {[%clk 01:31:36]} {[%emt
00:02:43]} 12. Bd3 {[%clk 01:25:07]} {[%emt 00:04:34]} Nd7 {[%clk 01:31:26]}
{[%emt 00:00:41]} 13. Nge2 {[%clk 01:22:47]} {[%emt 00:02:49]} b5 {[%clk
01:27:59]} {[%emt 00:03:58]} 14. Rhc1 {[%clk 01:06:13]} {[%emt 00:17:04]} Nb6
{[%clk 01:22:04]} {[%emt 00:06:25]} 15. b3 {[%clk 01:05:29]} {[%emt 00:01:13]}
a5 {[%clk 01:10:15]} {[%emt 00:12:19]} 16. a4 {[%clk 01:02:47]} {[%emt
00:03:13]} bxa4 {[%clk 01:10:08]} {[%emt 00:00:37]} 17. Nxa4 {[%clk 01:00:20]}
{[%emt 00:02:56]} Bb4+ {[%clk 01:08:06]} {[%emt 00:02:32]} 18. Kc2 {[%clk
00:59:10]} {[%emt 00:01:40]} Nxa4 {[%clk 01:03:02]} {[%emt 00:05:34]} 19. Rxa4
{[%clk 00:58:40]} {[%emt 00:01:00]} Rc8 {[%clk 01:00:22]} {[%emt 00:03:10]} 20.
Nf4 {[%clk 00:55:03]} {[%emt 00:04:06]} f5 {[%clk 00:50:46]} {[%emt 00:10:07]}
21. Kb2 {[%clk 00:44:13]} {[%emt 00:11:21]} Kd7 {[%clk 00:50:44]} {[%emt
00:00:32]} 22. Be2 {[%clk 00:43:48]} {[%emt 00:00:54]} Rhe8 {[%clk 00:40:55]}
{[%emt 00:10:20]} 23. g3 {[%clk 00:40:35]} {[%emt 00:03:43]} Rc7 {[%clk
00:37:17]} {[%emt 00:04:08]} 24. Nxd5 {[%clk 00:37:29]} {[%emt 00:03:35]} 1-0

[Event "FIDE World Cup 2025"]
[Site "Goa, India"]
[Date "2025.11.02"]
[Round "2.12"]
[White "Barrish, Daniel"]
[Black "Sadhwani, Raunak"]
[Result "0-1"]
[TimeControl ": 90 minutes for the first 40 moves, followed by 30 minutes for the rest of the gamewith an increment of 30 seconds per move starting from move 1"]
[WhiteFideId "14304600"]
[BlackFideId "35093487"]
[WhiteElo "2284"]
[BlackElo "2641"]

1. d4 {[%clk 01:30:53]} {[%emt 00:00:06]} Nf6 {[%clk 01:30:57]} {[%emt
00:00:03]} 2. c4 {[%clk 01:31:10]} {[%emt 00:00:13]} e6 {[%clk 01:31:23]}
{[%emt 00:00:04]} 3. Nc3 {[%clk 01:31:29]} {[%emt 00:00:12]} Bb4 {[%clk
01:31:48]} {[%emt 00:00:04]} 4. Qc2 {[%clk 01:31:45]} {[%emt 00:00:13]} c5
{[%clk 01:32:12]} {[%emt 00:00:07]} 5. dxc5 {[%clk 01:31:58]} {[%emt 00:00:16]}
Bxc5 {[%clk 01:32:38]} {[%emt 00:00:05]} 6. Nf3 {[%clk 01:30:44]} {[%emt
00:01:44]} Nc6 {[%clk 01:33:02]} {[%emt 00:00:07]} 7. Bf4 {[%clk 01:26:18]}
{[%emt 00:04:55]} Qa5 {[%clk 01:33:14]} {[%emt 00:00:18]} 8. e3 {[%clk
01:21:21]} {[%emt 00:05:27]} Bb4 {[%clk 01:29:07]} {[%emt 00:04:37]} 9. Nd2
{[%clk 01:15:30]} {[%emt 00:06:21]} Nh5 {[%clk 01:20:04]} {[%emt 00:09:33]} 10.
Bg3 {[%clk 01:12:28]} {[%emt 00:03:31]} O-O {[%clk 01:17:12]} {[%emt 00:03:23]}
11. Be2 {[%clk 01:10:53]} {[%emt 00:02:05]} Bxc3 {[%clk 01:04:34]} {[%emt
00:13:09]} 12. bxc3 {[%clk 01:10:36]} {[%emt 00:00:46]} Nxg3 {[%clk 01:03:14]}
{[%emt 00:01:50]} 13. hxg3 {[%clk 01:10:59]} {[%emt 00:00:06]} f5 {[%clk
00:58:05]} {[%emt 00:05:39]} 14. g4 {[%clk 01:08:00]} {[%emt 00:03:30]} d6
{[%clk 00:56:36]} {[%emt 00:02:00]} 15. Nb3 {[%clk 01:06:16]} {[%emt 00:02:13]}
Qc7 {[%clk 00:53:43]} {[%emt 00:03:22]} 16. Nd4 {[%clk 00:56:16]} {[%emt
00:10:31]} Nxd4 {[%clk 00:48:57]} {[%emt 00:05:16]} 17. cxd4 {[%clk 00:56:19]}
{[%emt 00:00:27]} e5 {[%clk 00:48:27]} {[%emt 00:01:00]} 18. c5 {[%clk
00:45:02]} {[%emt 00:11:47]} exd4 {[%clk 00:44:40]} {[%emt 00:04:16]} 19. exd4
{[%clk 00:34:53]} {[%emt 00:10:40]} Be6 {[%clk 00:37:58]} {[%emt 00:07:11]} 20.
gxf5 {[%clk 00:33:04]} {[%emt 00:02:19]} Bxf5 {[%clk 00:38:18]} {[%emt
00:00:09]} 21. Bd3 {[%clk 00:27:16]} {[%emt 00:06:18]} Rae8+ {[%clk 00:33:16]}
{[%emt 00:05:33]} 22. Kf1 {[%clk 00:26:55]} {[%emt 00:00:51]} Bxd3+ {[%clk
00:33:38]} {[%emt 00:00:09]} 23. Qxd3 {[%clk 00:27:18]} {[%emt 00:00:06]} h6
{[%clk 00:34:03]} {[%emt 00:00:05]} 24. cxd6 {[%clk 00:26:04]} {[%emt
00:01:44]} Qxd6 {[%clk 00:31:04]} {[%emt 00:03:29]} 25. Rh3 {[%clk 00:24:04]}
{[%emt 00:02:30]} Rf4 {[%clk 00:29:32]} {[%emt 00:02:02]} 26. Rd1 {[%clk
00:23:58]} {[%emt 00:00:36]} Qf6 {[%clk 00:24:50]} {[%emt 00:05:11]} 27. Rd2
{[%clk 00:19:39]} {[%emt 00:04:49]} Rfe4 {[%clk 00:23:48]} {[%emt 00:01:32]} 28.
Kg1 {[%clk 00:15:33]} {[%emt 00:04:35]} Re1+ {[%clk 00:19:41]} {[%emt
00:04:38]} 29. Kh2 {[%clk 00:15:59]} {[%emt 00:00:04]} Qf4+ {[%clk 00:20:06]}
{[%emt 00:00:05]} 30. g3 {[%clk 00:13:01]} {[%emt 00:03:28]} Qf7 {[%clk
00:16:59]} {[%emt 00:03:37]} 31. d5 {[%clk 00:08:02]} {[%emt 00:05:29]} Qc7
{[%clk 00:04:52]} {[%emt 00:12:37]} 32. Rh4 {[%clk 00:02:29]} {[%emt 00:06:03]}
Qc1 {[%clk 00:03:41]} {[%emt 00:01:42]} 33. Rf4 {[%clk 00:02:15]} {[%emt
00:00:43]} Rh1+ {[%clk 00:03:07]} {[%emt 00:01:03]} 34. Kg2 {[%clk 00:02:41]}
{[%emt 00:00:05]} Qg1+ {[%clk 00:01:54]} {[%emt 00:01:44]} 35. Kf3 {[%clk
00:03:06]} {[%emt 00:00:05]} Rh2 {[%clk 00:02:00]} {[%emt 00:00:24]} 36. Qg6
{[%clk 00:01:46]} {[%emt 00:01:50]} Qh1+ {[%clk 00:01:30]} {[%emt 00:01:00]} 37.
Kg4 {[%clk 00:02:06]} {[%emt 00:00:10]} Rh4+ {[%clk 00:00:59]} {[%emt
00:01:01]} 38. Kf5 {[%clk 00:00:43]} {[%emt 00:01:53]} Rh5+ {[%clk 00:01:24]}
{[%emt 00:00:05]} 39. Kg4 {[%clk 00:01:03]} {[%emt 00:00:11]} Rg5+ {[%clk
00:01:45]} {[%emt 00:00:09]} 0-1

[Event "FIDE World Cup 2025"]
[Site "Goa, India"]
[Date "2025.11.02"]
[Round "2.13"]
[White "Vokhidov, Shamsiddin"]
[Black "Ilkhomi, Jaloliddin"]
[Result "1-0"]
[TimeControl ": 90 minutes for the first 40 moves, followed by 30 minutes for the rest of the gamewith an increment of 30 seconds per move starting from move 1"]
[WhiteFideId "14204223"]
[BlackFideId "14700948"]
[WhiteElo "2640"]
[BlackElo "2289"]

1. e4 {[%clk 01:30:56]} {[%emt 00:00:02]} c6 {[%clk 01:30:48]} {[%emt
00:00:13]} 2. d4 {[%clk 01:30:26]} {[%emt 00:01:00]} d5 {[%clk 01:31:11]}
{[%emt 00:00:07]} 3. e5 {[%clk 01:30:32]} {[%emt 00:00:24]} c5 {[%clk
01:31:22]} {[%emt 00:00:19]} 4. dxc5 {[%clk 01:29:28]} {[%emt 00:01:34]} e6
{[%clk 01:31:23]} {[%emt 00:00:29]} 5. a3 {[%clk 01:27:36]} {[%emt 00:02:22]}
Bxc5 {[%clk 01:31:28]} {[%emt 00:00:25]} 6. Qg4 {[%clk 01:27:51]} {[%emt
00:00:15]} Ne7 {[%clk 01:22:47]} {[%emt 00:09:12]} 7. Nf3 {[%clk 01:27:45]}
{[%emt 00:00:35]} Nf5 {[%clk 01:19:54]} {[%emt 00:03:22]} 8. Bd3 {[%clk
01:26:14]} {[%emt 00:02:01]} h5 {[%clk 01:20:00]} {[%emt 00:00:25]} 9. Qh3
{[%clk 01:23:03]} {[%emt 00:03:41]} Nc6 {[%clk 01:16:19]} {[%emt 00:04:12]} 10.
Bxf5 {[%clk 01:18:56]} {[%emt 00:04:36]} exf5 {[%clk 01:16:42]} {[%emt
00:00:07]} 11. Qg3 {[%clk 01:19:16]} {[%emt 00:00:09]} Rg8 {[%clk 01:08:06]}
{[%emt 00:09:07]} 12. Bg5 {[%clk 01:17:11]} {[%emt 00:02:35]} Be7 {[%clk
01:04:03]} {[%emt 00:04:33]} 13. Nc3 {[%clk 01:09:49]} {[%emt 00:07:52]} Be6
{[%clk 01:00:03]} {[%emt 00:04:30]} 14. O-O-O {[%clk 01:03:03]} {[%emt
00:07:16]} f6 {[%clk 00:55:57]} {[%emt 00:04:36]} 15. Bf4 {[%clk 00:58:55]}
{[%emt 00:04:38]} g5 {[%clk 00:47:03]} {[%emt 00:09:24]} 16. exf6 {[%clk
00:58:48]} {[%emt 00:00:38]} Bxf6 {[%clk 00:46:37]} {[%emt 00:00:55]} 17. Rhe1
{[%clk 00:57:50]} {[%emt 00:01:27]} Kf7 {[%clk 00:43:45]} {[%emt 00:03:23]} 18.
Ne5+ {[%clk 00:58:06]} {[%emt 00:00:14]} Bxe5 {[%clk 00:26:02]} {[%emt
00:18:13]} 19. Bxe5 {[%clk 00:57:47]} {[%emt 00:00:49]} Qd7 {[%clk 00:24:24]}
{[%emt 00:02:08]} 20. f4 {[%clk 00:55:49]} {[%emt 00:02:28]} gxf4 {[%clk
00:18:27]} {[%emt 00:06:27]} 21. Qh4 {[%clk 00:54:51]} {[%emt 00:01:28]} Nxe5
{[%clk 00:18:26]} {[%emt 00:00:31]} 22. Rxe5 {[%clk 00:55:17]} {[%emt
00:00:04]} Rxg2 {[%clk 00:17:44]} {[%emt 00:01:12]} 23. Rde1 {[%clk 00:52:06]}
{[%emt 00:03:42]} Re8 {[%clk 00:17:22]} {[%emt 00:00:52]} 24. Nxd5 {[%clk
00:49:41]} {[%emt 00:02:54]} Rc8 {[%clk 00:14:07]} {[%emt 00:03:46]} 25. c3
{[%clk 00:46:17]} {[%emt 00:03:53]} Rc6 {[%clk 00:07:58]} {[%emt 00:06:39]} 26.
Qxh5+ {[%clk 00:38:43]} {[%emt 00:08:03]} Kg7 {[%clk 00:08:16]} {[%emt
00:00:13]} 27. Qf3 {[%clk 00:38:16]} {[%emt 00:00:57]} Rxh2 {[%clk 00:05:39]}
{[%emt 00:03:08]} 28. Qxf4 {[%clk 00:38:42]} {[%emt 00:00:03]} Rg2 {[%clk
00:05:15]} {[%emt 00:00:54]} 29. Qf3 {[%clk 00:38:39]} {[%emt 00:00:33]} Rg4
{[%clk 00:05:15]} {[%emt 00:00:30]} 30. Nf4 {[%clk 00:37:20]} {[%emt 00:01:50]}
Bf7 {[%clk 00:05:27]} {[%emt 00:00:18]} 31. Re7 {[%clk 00:36:55]} {[%emt
00:00:54]} Qd6 {[%clk 00:04:53]} {[%emt 00:01:05]} 32. Ne6+ {[%clk 00:36:57]}
{[%emt 00:00:27]} 1-0